| 000 | 00419cam a22001337a 4500 | ||
|---|---|---|---|
| 008 | 180718b1999 xxu||||| |||| 00| 0 eng d | ||
| 082 | _aK R211 | ||
| 100 | _aRay, Sarita Sundar | ||
| 245 |
_aHuman resource database management system _cby Sarita Sundar Ray |
||
| 260 |
_aNew Delhi _bIndian Institute of Public Administration _c1999 |
||
| 300 | _a90p. | ||
| 650 | _aInformation technology | ||
| 650 | _aPersonnel management | ||
| 999 |
_c500732 _d500732 |
||